[Event "It"]
[Site "masterchessopen.com – Oldenburg (Germany)"]
[Date "1949.06.22"]
[Round "5"]
[White "Enevoldsen Jens (DEN)"]
[Black "Walther Edgar (SUI)"]
[Result "1-0"]
[WhiteElo "2350"]
[BlackElo "2254"]

1.e4 c5 2.Nf3 d6 3.d4 cxd4 4.Nxd4 Nf6 5.Nc3 a6 6.g3 b5 7.Bg2 Bb7 8.O-O e6 9.a3
Nbd7 10.Re1 Qc7 11.f4 Rd8 12.g4 h6 13.g5 hxg5 14.fxg5 Nxe4 15.Nxe4 Bxe4
16.Rxe4 d5 17.Bf4 Qb6 18.Re1 Rh4 19.Be3 Qb8 20.Nf3 Rh5 21.Bf2 Bd6 22.h3 g6
23.Qxd5 Kf8 24.Qe4 Kg7 25.Rad1 Nc5 26.Qg4 Rdh8 27.Qd4+ Be5 28.Rxe5 {#r} 1-0

[Event "It"]
[Site "masterchessopen.com – Venice (Italy)"]
[Round "0"]
[White "Czerniak Moshe (ISR)"]
[Black "Kotov Alexander A (RUS)"]
[Result "0-1"]
[WhiteElo "2385"]
[BlackElo "2500"]

1.e4 c5 2.Nf3 d6 3.d4 cxd4 4.Nxd4 Nf6 5.Nc3 a6 6.g3 b5 7.Bg2 Bb7 8.O-O e6 9.a3
Qc7 10.f4 Be7 11.g4 Nc6 12.Be3 h5 13.Ndxb5 axb5 14.Nxb5 Qa5 15.Nxd6+ Bxd6
16.Qxd6 Nxg4 17.e5 Nxe3 18.Bxc6+ Bxc6 19.Qxc6+ Kf8 20.Rf3 Qa7 21.Kh1 Rd8
22.Re1 Nf5 23.Rd3 Rxd3 24.cxd3 g6 25.b4 Kg7 26.b5 Qf2 27.Rg1 h4 {#R} 0-1

[Event "Ch URS (1/2 final)"]
[Site "masterchessopen.com – Yerevan (Armenia)"]
[Round "0"]
[White "Antoshin Vladimir S (RUS)"]
[Black "Moisieev Oleg L (RUS)"]
[Result "1-0"]
[WhiteElo "2250"]
[BlackElo "2385"]

1.e4 c5 2.Nf3 d6 3.d4 cxd4 4.Nxd4 Nf6 5.Nc3 a6 6.g3 e5 7.Nde2 Be7 8.Bg2 O-O
9.O-O Be6 10.h3 Nbd7 11.Be3 b5 12.a4 b4 13.Nd5 Nxd5 14.exd5 Bf5 15.Qd2 a5
16.c3 Rb8 17.f4 bxc3 18.Nxc3 exf4 19.Rxf4 Bg6 20.Nb5 Ne5 21.Rc1 Nd3 22.Rc6
Nxf4 23.Bxf4 Re8 24.Kh2 Rb7 25.Bxd6 Rd7 26.Bxe7 Rdxe7 27.Nd6 Re2 28.Qd1 Rxb2
29.Nxe8 Be4 30.Nf6+ {#r} 1-0

[Event "Olympiad"]
[Site "masterchessopen.com – Moscow (Russia)"]
[Date "1956.09.15"]
[Round "5"]
[White "Teschner Rudolf (GER)"]
[Black "Szilagyi Gyoergy (HUN)"]
[Result "1-0"]
[WhiteElo "2295"]
[BlackElo "2370"]

1.e4 c5 2.Nf3 d6 3.d4 cxd4 4.Nxd4 Nf6 5.Nc3 a6 6.g3 e5 7.Nde2 Be7 8.Bg2 b5
9.O-O Nbd7 10.Nd5 Nxd5 11.Qxd5 Nb6 12.Qd3 Be6 13.b3 d5 14.Bb2 d4 15.f4 f6
16.fxe5 fxe5 17.c3 dxc3 18.Qxc3 Bf6 19.Rad1 Nd7 20.Qc6 Bg4 21.Bf3 Rc8 22.Qd5
Rc5 23.Qxc5 {#r} 1-0

[Event "Ch Bulgaria"]
[Site "masterchessopen.com – Sofia (Bulgaria)"]
[Round "8"]
[White "Orev Petar (BUL)"]
[Black "Kaikamdzozov Jivko (BUL)"]
[Result "0-1"]
[WhiteElo "2204"]
[BlackElo "2285"]

1.e4 c5 2.Nf3 d6 3.d4 cxd4 4.Nxd4 Nf6 5.Nc3 a6 6.g3 e5 7.Nde2 Be7 8.Bg2 O-O
9.O-O Bd7 10.h3 Bc6 11.g4 Nbd7 12.Ng3 Nc5 13.Be3 g6 14.Qd2 Qc7 15.a4 Rfe8
16.g5 Nh5 17.Nxh5 gxh5 18.Qe2 h4 19.Qh5 Ne6 20.Nd5 Qd8 21.Nxe7+ Qxe7 22.Qxh4
Kh8 23.f4 exf4 24.Bxf4 Nxf4 25.Rxf4 Rg8 26.Rf6 Rxg5 27.Rh6 Bxe4 {#R} 0-1

[Event "It"]
[Site "masterchessopen.com – Pecs (Hungary)"]
[Round "5"]
[White "Pogats Jozsef (HUN)"]
[Black "Bobotsov Milko G (BUL)"]
[Result "0-1"]
[WhiteElo "2230"]
[BlackElo "2405"]

1.e4 c5 2.Nf3 d6 3.d4 cxd4 4.Nxd4 Nf6 5.Nc3 a6 6.g3 Bg4 7.f3 Bd7 8.Be3 Nc6
9.Qd2 e6 10.Be2 Be7 11.g4 O-O 12.g5 Ne8 13.f4 Nxd4 14.Qxd4 Nc7 15.h4 Nb5
16.Nxb5 axb5 17.O-O Ra5 18.Qd3 Bc6 19.Bf3 f5 20.exf5 Bxf3 21.Rxf3 Rxf5 22.b3
Ra8 23.Qe4 Qd7 24.Bd4 d5 25.Qe3 Bd6 26.c3 Qf7 27.Raf1 Rf8 28.Kg2 Bxf4 29.Qd3
Qh5 30.Qxf5 Rxf5 31.Rxf4 Rxf4 32.Rxf4 {#R} 0-1

[Event "Ch Poland"]
[Site "masterchessopen.com – Lodz (Poland)"]
[Round "10"]
[White "Sydor Andrzej (POL)"]
[Black "Adamski Jan (POL)"]
[Result "0-1"]
[WhiteElo "2325"]
[BlackElo "2297"]

1.e4 c5 2.Nf3 d6 3.d4 cxd4 4.Nxd4 Nf6 5.Nc3 a6 6.g3 e5 7.Nde2 Be7 8.Bg2 Nbd7
9.O-O b5 10.a4 b4 11.Nd5 Nxd5 12.exd5 O-O 13.f4 a5 14.c3 Ba6 15.cxb4 Qb6+
16.Kh1 Qxb4 17.Rf3 Bf6 18.Nc3 Nc5 19.Be3 Nd3 20.Nb5 Bxb5 21.axb5 e4 22.Rf1 a4
23.f5 Bxb2 24.f6 Bxa1 25.Qxa1 Qb2 26.Qd1 a3 27.Qg4 g6 28.Qg5 a2 29.Qh6 Nf2+
{#R} 0-1

[Event "It"]
[Site "masterchessopen.com – Skopje (Macedonia)"]
[Round "13"]
[White "Ilievski Borce (MKD)"]
[Black "Minic Dragoljub (CRO)"]
[Result "0-1"]
[WhiteElo "2225"]
[BlackElo "2355"]

1.e4 c5 2.Nf3 d6 3.d4 cxd4 4.Nxd4 Nf6 5.Nc3 a6 6.g3 e5 7.Nde2 Be7 8.Bg2 Nbd7
9.a4 b6 10.h3 Bb7 11.g4 Nc5 12.Ng3 O-O 13.Nd5 Nxd5 14.exd5 g6 15.O-O Qd7 16.f4
exf4 17.Bxf4 Rfe8 18.Bh6 Bh4 19.Qd4 Re5 20.Ra3 a5 21.Raf3 Bxd5 22.Nf5 Bf6
23.Nxd6 Bxf3 24.Qf4 Qxd6 25.Qxf3 Ne4 26.g5 Qd4+ 27.Kh2 Rf5 28.Qxf5 Be5+ {#R}
0-1

[Event "It"]
[Site "masterchessopen.com – Sarajevo (Bosnia & Herzegovina)"]
[Round "6"]
[White "Janosevic Dragoljub (YUG)"]
[Black "Barczay Laszlo (HUN)"]
[Result "0-1"]
[WhiteElo "2330"]
[BlackElo "2381"]

1.e4 c5 2.Nf3 d6 3.d4 cxd4 4.Nxd4 Nf6 5.Nc3 a6 6.g3 e5 7.Nb3 Be7 8.Bg2 Be6
9.O-O Nbd7 10.h3 b5 11.Be3 Nb6 12.Na5 Rc8 13.a3 Nbd7 14.Nb3 Nb6 15.Nd2 O-O
16.Re1 Nfd7 17.a4 b4 18.Nd5 Bxd5 19.exd5 a5 20.b3 f5 21.Nf1 Bg5 22.Rc1 Bxe3
23.Rxe3 f4 24.Re1 fxg3 25.fxg3 Qg5 26.c3 bxc3 27.Re3 Rxf1+ {#R} 0-1

[Event "Olympiad"]
[Site "masterchessopen.com – Siegen (Germany)"]
[Round "13"]
[White "Kagan Shimon (ISR)"]
[Black "Ree Hans (NED)"]
[Result "1-0"]
[WhiteElo "2338"]
[BlackElo "2379"]

1.e4 c5 2.Nf3 d6 3.d4 cxd4 4.Nxd4 Nf6 5.Nc3 a6 6.g3 e5 7.Nde2 Be7 8.Bg2 O-O
9.O-O b5 10.a4 b4 11.Nd5 Nxd5 12.Qxd5 Ra7 13.Be3 Be6 14.Qd2 Rb7 15.f4 Nc6
16.b3 Bg4 17.Rf2 Qa5 18.Raf1 Rd7 19.f5 Bxe2 20.Qxe2 Bf6 21.Qh5 Qd8 22.g4 h6
23.h4 Bxh4 24.f6 Bxf2+ 25.Rxf2 Re8 26.g5 Re6 27.Bh3 Qe8 28.gxh6 {#r} 1-0

[Event "It"]
[Site "masterchessopen.com – Bari (Italy)"]
[Round "0"]
[White "Albano Marco (ITA)"]
[Black "Santolini Luigi (ITA)"]
[Result "1-0"]
[WhiteElo "2226"]
[BlackElo "2197"]

1.e4 c5 2.Nf3 d6 3.d4 cxd4 4.Nxd4 Nf6 5.Nc3 a6 6.g3 g6 7.Bg2 Bg7 8.O-O O-O
9.h3 Qc7 10.Be3 Nc6 11.Qe2 Rb8 12.Rad1 Bd7 13.Nb3 Rfc8 14.f4 b5 15.a3 Na5
16.e5 Nh5 17.Nd5 Qd8 18.Nxa5 Qxa5 19.Nxe7+ Kf8 20.Nxc8 Nxg3 21.Qe1 {#r} 1-0

[Event "Tournament (team)"]
[Site "masterchessopen.com – Pinamar (Argentina)"]
[Round "7"]
[White "Juarez Carlos Eleodoro (ARG)"]
[Black "Hase Juan C (ARG)"]
[Result "0-1"]
[WhiteElo "2050"]
[BlackElo "2420"]

1.e4 c5 2.Nf3 d6 3.d4 cxd4 4.Nxd4 Nf6 5.Nc3 a6 6.g3 e5 7.Nde2 Be7 8.Bg2 O-O
9.O-O Qc7 10.h3 b5 11.a3 Bb7 12.Kh2 Nbd7 13.f4 exf4 14.gxf4 Rfe8 15.Ng3 Bf8
16.Be3 Nc5 17.Qd4 Rac8 18.Rae1 Ne6 19.Qd1 a5 20.Rf2 b4 21.axb4 axb4 22.Nb5 Qd7
23.Nd4 Nc5 24.Rg1 Ncxe4 25.Nxe4 Nxe4 26.Rff1 Nf6 27.Bxb7 Qxb7 28.Nf5 g6 29.Bd4
Qe4 30.Ne3 Bh6 31.Rg5 Bxg5 32.fxg5 Nd5 {#R} 0-1

[Event "It"]
[Site "masterchessopen.com – Decin (Czech Republic)"]
[Date "1973.07.04"]
[Round "11"]
[White "Zinn Lothar (GDR)"]
[Black "Geszosz Pavlosz"]
[Result "1-0"]
[WhiteElo "2400"]
[BlackElo "2390"]

1.e4 c5 2.Nf3 d6 3.d4 cxd4 4.Nxd4 Nf6 5.Nc3 a6 6.g3 b5 7.Bg2 Bb7 8.O-O e6
9.Re1 b4 10.Nd5 exd5 11.exd5+ Kd7 12.Qd3 Qa5 13.Bg5 Kc7 14.c3 bxc3 15.b4 Qa4
16.Qxc3+ Kb6 17.Be3 {#r} 1-0

[Event "Ch Israel"]
[Site "masterchessopen.com – Israel"]
[Date "1974.03.23"]
[Round "12"]
[White "Czerniak Moshe (ISR)"]
[Black "Romm Meir (ISR)"]
[Result "1-0"]
[WhiteElo "2410"]
[BlackElo "2320"]

1.e4 c5 2.Nf3 d6 3.d4 cxd4 4.Nxd4 Nf6 5.Nc3 a6 6.g3 b5 7.Bg2 Bb7 8.O-O e6
9.Re1 Qc7 10.a4 b4 11.Na2 e5 12.Nf5 g6 13.Ne3 a5 14.c3 Na6 15.cxb4 axb4 16.Bd2
Bxe4 17.Ng4 Bxg2 18.Nxf6+ Ke7 19.Bg5 Qb7 20.f3 Bh3 21.g4 h5 22.Nxh5+ Kd7
23.Nf6+ Kc8 24.Rc1+ Kb8 25.Rxe5 dxe5 26.Nd7+ Ka7 27.Be3+ Bc5 28.Rxc5 Nxc5
29.Bxc5+ Ka6 30.Qd6+ {#r} 1-0

[Event "Ch USA (juniors) (under 18)"]
[Site "masterchessopen.com – Memphis (USA)"]
[Round "5"]
[White "Diesen Mark C (USA)"]
[Black "De Firmian Nick E (USA)"]
[Result "1-0"]
[WhiteElo "2325"]
[BlackElo "2516"]

1.e4 c5 2.Nf3 d6 3.d4 cxd4 4.Nxd4 Nf6 5.Nc3 a6 6.g3 g6 7.Bg2 Bg7 8.O-O O-O
9.h3 Nc6 10.Nde2 Bd7 11.Nd5 Nxd5 12.exd5 Ne5 13.Kh2 Rc8 14.Rb1 Qa5 15.a3 Qc5
16.c3 Bb5 17.Be3 Qc7 18.Bd4 Bd3 19.Ra1 Rfe8 20.Re1 Bf5 21.g4 Bd7 22.Ng3 Qc4
23.b3 Qd3 24.f4 Rxc3 25.Bxc3 Qxc3 26.Rc1 Qb2 27.fxe5 Bxe5 28.Qf3 f5 29.gxf5
Rf8 30.Kh1 Bxf5 31.Rf1 Qd4 32.Nxf5 {#r} 1-0

[Event "It (w)"]
[Site "masterchessopen.com – Naleczow (Poland)"]
[Round "9"]
[White "Kasprzyk Irena (POL)"]
[Black "Baumstark Gertrude (GER)"]
[Result "0-1"]
[WhiteElo "2097"]
[BlackElo "2021"]

1.e4 c5 2.Nf3 d6 3.d4 Nf6 4.Nc3 cxd4 5.Nxd4 a6 6.g3 e5 7.Nde2 Be7 8.Bg2 O-O
9.Nd5 Nxd5 10.Qxd5 Nc6 11.Be3 Be6 12.Qd2 b5 13.c3 Qc7 14.O-O Rac8 15.f4 exf4
16.Nxf4 Ne5 17.Bd4 Rce8 18.b3 Nc6 19.Nd5 Bxd5 20.exd5 Nxd4 21.Qxd4 Bf6 22.Rxf6
gxf6 23.Qg4+ Kh8 24.Be4 Qxc3 25.Rd1 Qe3+ {#R} 0-1

[Event "It (open)"]
[Site "masterchessopen.com – Biel (Switzerland)"]
[Round "1"]
[White "Mann Klaus-Dieter (GER)"]
[Black "Gruenfeld Yehuda (ISR)"]
[Result "0-1"]
[WhiteElo "2132"]
[BlackElo "2430"]

1.e4 c5 2.Nf3 d6 3.d4 cxd4 4.Nxd4 Nf6 5.Nc3 a6 6.g3 e5 7.Nde2 Nbd7 8.Bg2 Be7
9.O-O b5 10.a4 b4 11.Nd5 Nxd5 12.exd5 a5 13.c3 Ba6 14.cxb4 axb4 15.b3 O-O
16.Bd2 Rb8 17.Re1 Nc5 18.Nc1 f5 19.Bf1 Bxf1 20.Rxf1 f4 21.Ra2 Qd7 22.f3 Qh3
23.Be1 fxg3 24.hxg3 Bg5 25.Bf2 Rf6 26.Bxc5 dxc5 27.Rh2 Qxg3+ 28.Kh1 Rh6
29.Rxh6 Bxh6 30.Qe2 Qh3+ 31.Kg1 Rb6 {#R} 0-1

[Event "Regionalliga Nord"]
[Site "masterchessopen.com – Germany"]
[Round "0"]
[White "Putzbach Gerd (GER)"]
[Black "Dietze Frank (GER)"]
[Result "1-0"]
[WhiteElo "2234"]
[BlackElo "2154"]

1.e4 c5 2.Nf3 d6 3.d4 cxd4 4.Nxd4 Nf6 5.Nc3 a6 6.g3 e5 7.Nde2 Be7 8.Bg2 Nbd7
9.a4 O-O 10.h3 b6 11.g4 Bb7 12.Ng3 Rc8 13.g5 Ne8 14.h4 g6 15.Qg4 Ng7 16.h5 Ne6
17.hxg6 fxg6 18.Qxe6+ Kh8 19.Qxg6 {#r} 1-0

[Event "Bundesliga 1984/85"]
[Site "masterchessopen.com – Germany"]
[Round "0"]
[White "Carstens Andreas (GER)"]
[Black "Beckemeier Werner (GER)"]
[Result "0-1"]
[WhiteElo "2231"]
[BlackElo "2384"]

1.e4 c5 2.Nf3 d6 3.d4 cxd4 4.Nxd4 Nf6 5.Nc3 a6 6.g3 e5 7.Nde2 Nbd7 8.Bg2 b5
9.a4 b4 10.Nd5 Nxd5 11.Qxd5 Rb8 12.O-O Be7 13.c4 bxc3 14.Nxc3 O-O 15.Rd1 Nc5
16.Rb1 Be6 17.Qd2 Bb3 18.Re1 Nxa4 19.Ra1 Nc5 20.Qe2 Rb4 21.Nd5 Bxd5 22.exd5
Bg5 23.Bxg5 Qxg5 24.Ra3 h6 25.f4 exf4 26.gxf4 Qxf4 27.Rg3 Qd4+ 28.Kh1 Rxb2
29.Qe7 Nd3 30.Rg1 Nf2# 0-1

[Event "It (open)"]
[Site "masterchessopen.com – Joensuu (Finland)"]
[Round "0"]
[White "Nykopp Jan-Michael F (FIN)"]
[Black "Manni Matti (FIN)"]
[Result "1-0"]
[WhiteElo "2216"]
[BlackElo "2206"]

1.e4 c5 2.Nf3 d6 3.d4 cxd4 4.Nxd4 Nf6 5.Nc3 a6 6.g3 b5 7.Bg2 Bb7 8.O-O e6
9.Re1 Nbd7 10.e5 Bxg2 11.exf6 Bh3 12.Qh5 Qxf6 13.Ndxb5 axb5 14.Qxh3 Ne5 15.Qg2
Nf3+ 16.Kf1 Rb8 17.Bf4 Nxe1 18.Qc6+ Kd8 19.Bxd6 Rc8 20.Qb6+ Ke8 21.Qxb5+ Kd8
22.Rd1 Qf3 23.Bxf8+ Qxd1 24.Nxd1 Rxf8 25.Kxe1 Rxc2 26.Qd3+ {#r} 1-0

[Event "Memorial Nielsen (corr.)"]
[Site "masterchessopen.com – corr."]
[Round "0"]
[White "Ingerslev Aage (DEN)"]
[Black "Penrose Jonathan (ENG)"]
[Result "0-1"]
[WhiteElo "2230"]
[BlackElo "2405"]

1.e4 c5 2.Nf3 d6 3.d4 cxd4 4.Nxd4 Nf6 5.Nc3 a6 6.g3 e5 7.Nde2 b5 8.a4 Bb7
9.Bg2 Be7 10.axb5 axb5 11.Rxa8 Bxa8 12.Qd3 Qa5 13.O-O b4 14.Nd5 Nxd5 15.exd5
O-O 16.g4 Nd7 17.Ng3 g6 18.h3 Bb7 19.Rd1 Ba6 20.Qd2 Rc8 21.Bf1 Bxf1 {#R} 0-1

[Event "Ch Finland (open)"]
[Site "masterchessopen.com – Jyvaskyla (Finland)"]
[Round "0"]
[White "Nevanlinna Risto (FIN)"]
[Black "Pukkinen Seppo (FIN)"]
[Result "1-0"]
[WhiteElo "2252"]
[BlackElo "1958"]

1.e4 c5 2.Nf3 d6 3.d4 cxd4 4.Nxd4 Nf6 5.Nc3 a6 6.g3 Bd7 7.Bg2 Nc6 8.Nde2 e6
9.O-O Be7 10.h3 O-O 11.g4 Ne8 12.b3 Bf6 13.Bb2 g6 14.Qd2 Bg7 15.Nd1 Bxb2
16.Nxb2 Qc7 17.Rad1 Rd8 18.Nc4 Bc8 19.Ne3 Ng7 20.Ng3 Ne7 21.g5 f6 22.gxf6 Rxf6
23.e5 Rff8 24.exd6 Qb8 25.dxe7 Rxd2 26.exf8=Q+ Kxf8 {#r} 1-0

[Event "It (open)"]
[Site "masterchessopen.com – St. Ingbert (Germany)"]
[Round "8"]
[White "Bauer Christian (FRA)"]
[Black "Gouliev Namig (AZE)"]
[Result "1-0"]
[WhiteElo "2631"]
[BlackElo "2572"]

1.e4 c5 2.Nf3 d6 3.d4 cxd4 4.Nxd4 Nf6 5.Nc3 a6 6.g3 Nc6 7.Bg2 Qb6 8.Nb3 e6
9.a4 Be7 10.a5 Qc7 11.Be3 Ne5 12.Bb6 Qc4 13.Ra4 Qc6 14.O-O Bd7 15.f4 Nc4 16.e5
d5 17.Rxc4 Qxc4 18.exf6 Bxf6 19.Nxd5 exd5 20.Bxd5 Qc8 21.Bc5 Be7 22.Re1 Be6
23.Bxe7 Kxe7 24.f5 Rd8 25.fxe6 fxe6 26.Qf3 Rd6 27.Bxb7 Qxc2 28.Bxa8 Rd3
29.Qb7+ Kf6 30.Rf1+ Ke5 31.Qxg7+ Kd6 32.Qf8+ {#r} 1-0

[Event "It \"]
[Site "masterchessopen.com – New York (USA)"]
[Round "0"]
[White "Edwards Matthew (USA)"]
[Black "Barnes Joel (USA)"]
[Result "1-0"]
[WhiteElo "2131"]
[BlackElo "2248"]

1.e4 c5 2.Nf3 d6 3.d4 cxd4 4.Nxd4 Nf6 5.Nc3 a6 6.g3 e5 7.Nde2 b5 8.Bg2 Bb7
9.Bg5 Be7 10.Bxf6 Bxf6 11.O-O O-O 12.Nd5 Nc6 13.Qd3 Bg5 14.Rad1 Re8 15.c3 Rb8
16.Kh1 Bc8 17.f4 exf4 18.gxf4 Bh4 19.Ne3 Na5 20.b4 Nb7 21.Nd4 Bd7 22.Nd5 Be7
23.Bh3 Bxh3 24.Qxh3 Qc8 25.Nf5 Bd8 26.Rg1 g6 27.Qh6 {#r} 1-0

[Event "It (open)"]
[Site "masterchessopen.com – Eindhoven (Netherlands)"]
[Round "0"]
[White "Pliester Leon (NED)"]
[Black "Van De Plassche Bas (NED)"]
[Result "1-0"]
[WhiteElo "2392"]
[BlackElo "2427"]

1.e4 c5 2.Nf3 d6 3.d4 cxd4 4.Nxd4 Nf6 5.Nc3 a6 6.g3 e5 7.Nde2 Be7 8.Bg2 Nbd7
9.a4 b6 10.h3 Bb7 11.g4 Nc5 12.Ng3 g6 13.Bh6 Ne6 14.Qd2 Rc8 15.O-O Nd7 16.Rad1
Rc4 17.b3 Rc8 18.Nce2 Qc7 19.c4 Ndc5 20.Qe3 Bf8 21.Bxf8 Kxf8 22.f4 exf4
23.Nxf4 Nxf4 24.Qxf4 Nxb3 25.Rxd6 Rg8 26.Rd8+ {#r} 1-0

[Event "Bundesliga 1988/89 (2nd)"]
[Site "masterchessopen.com – Germany"]
[Round "0"]
[White "Strobel Matthias (GER)"]
[Black "Huenerkopf Heinz (GER)"]
[Result "1-0"]
[WhiteElo "2088"]
[BlackElo "2285"]

1.e4 c5 2.Nf3 d6 3.d4 cxd4 4.Nxd4 Nf6 5.Nc3 a6 6.g3 e5 7.Nde2 Nbd7 8.Bg2 b5
9.a4 Bb7 10.Bg5 h6 11.Bxf6 Nxf6 12.O-O b4 13.Nd5 Nxd5 14.exd5 Be7 15.a5 O-O
16.Qd2 Rb8 17.Ra4 Bc8 18.Rfa1 Qc7 19.Rxb4 Bg5 20.Qc3 Qxc3 21.bxc3 Bg4 22.Rxg4
{#r} 1-0

[Event "It (open)"]
[Site "masterchessopen.com – Warsaw (Poland)"]
[Round "0"]
[White "Kholmov Ratmir D (RUS)"]
[Black "David Pavel (CZE)"]
[Result "1-0"]
[WhiteElo "2475"]
[BlackElo "2386"]

1.e4 c5 2.Nf3 d6 3.d4 cxd4 4.Nxd4 Nf6 5.Nc3 a6 6.g3 e5 7.Nde2 Nbd7 8.a4 b6
9.Bg2 Bb7 10.h3 Be7 11.g4 Nc5 12.Ng3 O-O 13.O-O g6 14.f4 exf4 15.Bxf4 b5
16.Bh6 Re8 17.axb5 axb5 18.Rxa8 Qxa8 19.Nxb5 Ncxe4 20.Bxe4 Bxe4 21.g5 Bg2
22.Rf2 Bxh3 23.gxf6 Bd8 24.Kh2 Bb6 25.Re2 {#r} 1-0

[Event "Tourmanent (team)"]
[Site "masterchessopen.com – Belorechensk (Russia)"]
[Round "0"]
[White "Tseshkovsky Vitaly (RUS)"]
[Black "Vaulin Alexander (RUS)"]
[Result "1-0"]
[WhiteElo "2520"]
[BlackElo "2515"]

1.e4 c5 2.Nf3 d6 3.d4 cxd4 4.Nxd4 Nf6 5.Nc3 a6 6.g3 e5 7.Nb3 Be7 8.Bg2 O-O
9.O-O Nbd7 10.a4 Nb6 11.a5 Nc4 12.Qe2 Qc7 13.h3 Be6 14.Rd1 Rfc8 15.g4 h6
16.Rd3 Nd7 17.Nd5 Bxd5 18.exd5 Bg5 19.Rc3 b5 20.axb6 Ndxb6 21.Bxg5 hxg5 22.Na5
Qc5 23.Nxc4 {#r} 1-0

[Event "Ch Europe (team)"]
[Site "masterchessopen.com – Haifa (Israel)"]
[Round "0"]
[White "Blaeser P"]
[Black "O'Neill Paul"]
[Result "0-1"]
[WhiteElo "2200"]
[BlackElo "2320"]

1.e4 c5 2.Nf3 d6 3.d4 cxd4 4.Nxd4 Nf6 5.Nc3 a6 6.g3 e5 7.Nde2 Be7 8.Bg2 O-O
9.O-O b5 10.Bg5 Nbd7 11.a3 Rb8 12.Nc1 Qc7 13.N1a2 a5 14.a4 bxa4 15.Nxa4 h6
16.Bd2 Rd8 17.N2c3 Nf8 18.Nd5 Nxd5 19.exd5 Bf5 20.Rc1 Rdc8 21.c4 Nh7 22.Re1
Ng5 23.Be3 Nh3+ 24.Kh1 Rb4 25.c5 dxc5 26.Nxc5 Rxb2 27.Qf3 Rxf2 28.Bxf2 Bg4
29.d6 Bxd6 30.Qe3 Bxc5 31.Bxh3 Qb7+ 32.Bg2 Bxe3 {#R} 0-1

[Event "Bundesliga 1989/90 (2nd)"]
[Site "masterchessopen.com – Germany"]
[Round "0"]
[White "Schlaeger Uwe (GER)"]
[Black "Jacoby Florian (GER)"]
[Result "1-0"]
[WhiteElo "2193"]
[BlackElo "2220"]

1.e4 c5 2.Nf3 d6 3.d4 cxd4 4.Nxd4 Nf6 5.Nc3 a6 6.g3 e5 7.Nde2 b5 8.Bg2 Bb7
9.O-O Be7 10.h3 Nbd7 11.g4 O-O 12.Ng3 Nc5 13.g5 Ne8 14.h4 Nc7 15.a3 g6 16.Be3
N5e6 17.Qd2 f6 18.gxf6 Rxf6 19.a4 Nf4 20.axb5 axb5 21.Bb6 b4 22.Nb5 Nfe6
23.Rxa8 Bxa8 24.Qxb4 Qd7 25.Nxc7 Nxc7 26.Qa5 Ne6 27.Qxa8+ Rf8 28.Qd5 {#r} 1-0

[Event "Ch Yugoslavia"]
[Site "masterchessopen.com – Banja Vrucica (Bosnia & Herzegovina)"]
[Round "0"]
[White "Bakic Dragan (SRB)"]
[Black "Laban Zoran (MNE)"]
[Result "1-0"]
[WhiteElo "2243"]
[BlackElo "2088"]

1.e4 c5 2.Nf3 d6 3.d4 cxd4 4.Nxd4 Nf6 5.Nc3 a6 6.g3 b5 7.Bg2 Bb7 8.O-O e6
9.Re1 Qc7 10.Bg5 Nbd7 11.Nd5 Qc8 12.Bxf6 gxf6 13.Bh3 h5 14.c4 Be7 15.Nxe7 Kxe7
16.cxb5 axb5 17.Nxb5 Qc5 18.a4 Rac8 19.Ra3 Ne5 20.Bf1 h4 21.Rc3 Qb6 22.a5 Rxc3
23.axb6 Nf3+ 24.Kh1 hxg3 25.h3 Nxe1 26.Qxd6+ Ke8 27.Nxc3 Ba6 28.b7 {#r} 1-0

[Event "It (open)"]
[Site "masterchessopen.com – Kavala (Greece)"]
[Round "0"]
[White "Marinkovic Slavisa (SRB)"]
[Black "Tzoumbas Anastasios (GRE)"]
[Result "1-0"]
[WhiteElo "2414"]
[BlackElo "2341"]

1.e4 c5 2.Nf3 d6 3.d4 cxd4 4.Nxd4 Nf6 5.Nc3 a6 6.g3 e5 7.Nb3 Be6 8.Bg2 Nbd7
9.O-O Be7 10.a4 Nb6 11.a5 Nc4 12.Qe2 Rc8 13.Ra4 Qd7 14.Ra1 O-O 15.Rd1 Rc7
16.Nd2 Rfc8 17.Nxc4 Bxc4 18.Qe1 Qg4 19.Na4 Bb5 20.Nb6 Rd8 21.c3 Bc6 22.f3 Qe6
23.c4 Nd7 24.Be3 Qg6 25.b4 f5 26.b5 axb5 27.cxb5 fxe4 28.bxc6 Rxc6 29.Nxd7
Rxd7 30.fxe4 Bg5 31.Bxg5 Qxg5 32.Qd2 {#r} 1-0

[Event "?"]
[Site "masterchessopen.com – Lombardia (Italy)"]
[Round "0"]
[White "Bellini Fabio (ITA)"]
[Black "Bresciani Nicola (ITA)"]
[Result "0-1"]
[WhiteElo "2504"]
[BlackElo "2287"]

1.e4 c5 2.Nf3 d6 3.d4 cxd4 4.Nxd4 Nf6 5.Nc3 a6 6.g3 e5 7.Nde2 Nbd7 8.Bg2 b5
9.h3 Bb7 10.g4 b4 11.Nd5 Nxd5 12.exd5 g6 13.b3 Bg7 14.Bb2 O-O 15.O-O f5
16.gxf5 gxf5 17.f4 Rc8 18.c4 bxc3 19.Bxc3 Nf6 20.fxe5 Ne4 21.Bxe4 fxe4
22.Rxf8+ Qxf8 23.Qf1 Qd8 24.Qf5 dxe5 25.Qxe4 Bxd5 26.Qf5 Rc6 27.Be1 Rg6+
28.Bg3 Qb6+ 29.Kh2 Rf6 {#R} 0-1

[Event "It (open)"]
[Site "masterchessopen.com – Zalakaros (Hungary)"]
[Round "7"]
[White "Lenz Alarich (AUT)"]
[Black "Freider Pjotr (RUS)"]
[Result "0-1"]
[WhiteElo "2196"]
[BlackElo "2303"]

1.e4 c5 2.Nf3 d6 3.d4 cxd4 4.Nxd4 Nf6 5.Nc3 a6 6.g3 g6 7.Bg2 Bg7 8.O-O Qc7
9.a4 Nc6 10.Nde2 O-O 11.h3 Rb8 12.Nd5 Nxd5 13.exd5 Na5 14.Nd4 Re8 15.c3 Bxd4
16.cxd4 Bf5 17.b4 Bc2 18.Qe2 Nb3 19.Ra2 Nxd4 20.Qg4 Nb3 21.Be3 Rbc8 22.Re1 Qc3
23.Qe2 Qxb4 24.Bf1 Qc3 25.h4 h5 26.g4 hxg4 27.Qxg4 Qxe1 28.h5 Bf5 29.Qg5 Bh3
{#R} 0-1

[Event "Tournament"]
[Site "masterchessopen.com – Baden-Wuerttemberg (Germany)"]
[Round "0"]
[White "Strobel Matthias (GER)"]
[Black "Ott Frank (GER)"]
[Result "0-1"]
[WhiteElo "2088"]
[BlackElo "2313"]

1.e4 c5 2.Nf3 d6 3.d4 cxd4 4.Nxd4 Nf6 5.Nc3 a6 6.g3 e5 7.Nde2 b5 8.Bg2 Bb7
9.O-O Be7 10.Bg5 Nbd7 11.Qd2 O-O 12.h3 b4 13.Bxf6 Nxf6 14.Nd5 Nxd5 15.exd5 Qb6
16.Kh2 Rfc8 17.f4 Bf6 18.a3 exf4 19.Rxf4 bxa3 20.Rb4 axb2 21.Rb1 Rxc2 22.Qf4
Qc7 23.Nd4 Bxd5 24.Nxc2 Qxc2 25.Qf1 Rc8 26.Re1 Bxg2 27.Qxg2 Qxg2+ 28.Kxg2 h6
29.Re3 Rc1 30.Reb3 a5 31.Rb8+ Kh7 32.Rxb2 {#R} 0-1

[Event "It (open)"]
[Site "masterchessopen.com – Helsinki (Finland)"]
[Round "1"]
[White "Fieandt John (FIN)"]
[Black "Magerramov Elmar (AZE)"]
[Result "0-1"]
[WhiteElo "2186"]
[BlackElo "2565"]

1.e4 c5 2.Nf3 d6 3.d4 cxd4 4.Nxd4 Nf6 5.Nc3 a6 6.g3 e5 7.Nde2 Be7 8.Bg2 Nbd7
9.a4 b6 10.h3 Bb7 11.g4 O-O 12.Ng3 Nc5 13.O-O Rc8 14.Nd5 Nxd5 15.exd5 Bg5
16.Be3 a5 17.Ne4 Nxe4 18.Bxe4 Ba6 19.Bd3 Bxd3 20.Qxd3 g6 21.Ra3 f5 22.Rb3 Bxe3
23.Qxe3 Rc5 24.Rb5 fxg4 25.hxg4 Rf4 26.f3 Rxc2 27.Rf2 Rc5 28.Rh2 Rxa4 {#R} 0-1